MARC

LEADER 00000nam0a2200000 4500
001 273573
005 20231101234637.0
035 |a (RuTPU)RU\TPU\book\296782 
090 |a 273573 
100 |a 20141028d1987 k y0rusy50 ca 
101 0 |a rus 
102 |a UA 
105 |a a z 001zb 
200 1 |a Биостратиграфия, палеонтология осадочного чехла Украины  |e сборник научных трудов  |f Академия наук Украинской ССР (АН УССР), Институт геологических наук (ИГН) ; Украинское палеонтологическое общество 
210 |a Киев  |c Наукова думка  |d 1987 
215 |a 208 с.  |c ил. 
320 |a Библиография в конце статей 
600 1 |a Криштофович  |b А. Н.  |c геолог и палеоботаник  |c директор Всесоюзного палеонтологического общества  |f 1885-1953  |g Африкан Николаевич  |2 stltpush  |3 (RuTPU)RU\TPU\pers\31125  |9 15336 
606 1 |a Осадочные бассейны  |x Стратиграфия  |2 stltpush  |3 (RuTPU)RU\TPU\subj\72519  |9 85996 
610 1 |a Украина 
610 1 |a фанерозой 
610 1 |a фанерозойские отложения 
610 1 |a детальное расчленение 
610 1 |a фауна 
610 1 |a флора 
610 1 |a ископаемые организмы 
610 1 |a систематика 
610 1 |a палеогеохимия 
610 1 |a палеоэкология 
610 1 |a палеогеография 
610 1 |a платформы 
610 1 |a юрские отложения 
610 1 |a унифицированные схемы 
675 |a 552.5:551.7  |v 3 
712 0 2 |a Академия наук Украинской ССР (АН УССР)  |b Институт геологических наук (ИГН)  |c (Киев)  |2 stltpush  |3 (RuTPU)RU\TPU\col\12890 
712 0 2 |a Украинское палеонтологическое общество  |2 stltpush  |3 (RuTPU)RU\TPU\col\21281  |9 27971 
801 1 |a RU  |b 63413507  |c 20141028 
801 2 |a RU  |b 63413507  |c 20170113  |g RCR 
942 |c BK